000 00698nam a2200289Ia 4500
005 20260324125820.0
008 008 260324s9999 xx 000 0 eng d
020 _a9780203894798
037 _aEBOOK
040 _aCRL
040 _beng
040 _cCRL
041 _2eng
041 _aeng
084 _qCRL
100 _aDavid Allan
_91139762
245 0 _aMaking British Culture
245 0 _bEnglish Readers and the Scottish Enlightenment, 1740–1830
260 _bTaylor and Francis
260 _c2008
365 _a
365 _b240
856 _uhttp://www.taylorfrancis.com/books/9780203894798
942 _cEBOOK
999 _c1775011
_d1775011